Statistics for Cymru North 2020/21

Click here to take the quiz!

General Stats

  • This quiz has been taken 4 times
  • The average score is 4 of 16

Answer Stats

ColourAnswer% Correct
BlueBangor City
100%
ClaretColwyn Bay
67%
Black/WhiteLlandudno
67%
Black/RedPrestatyn Town
67%
BlueAirbus UK Broughton
33%
RedBuckley Town
33%
Blue/WhiteHolyhead Hotspur
33%
BlueLlangefni Town
33%
Black/OrangeConwy Borough
0%
Black/RedGresford Athletic
0%
Black/RedGuilsfield
0%
Red/WhiteHolywell Town
0%
Orange/GreenLlanildoes Town
0%
Black/BlueLlanrhaedr
0%
Black/RedPenryncoch Town
0%
NavyRuthin Town
0%

Score Distribution

Percentile by Number Answered

Percent of People with Each Score

Your Score History

You have not taken this quiz